Democracy and political ignorance (Record no. 116854)
[ view plain ]
| 000 -LEADER | |
|---|---|
| fixed length control field | 01753nam a2200373 a 4500 |
| 082 04 - DEWEY DECIMAL CLASSIFICATION NUMBER | |
| Classification number | 320.973 |
| 100 1# - MAIN ENTRY--AUTHOR NAME | |
| Personal name | Somin, Ilya. |
| 245 10 - TITLE STATEMENT | |
| Title | Democracy and political ignorance |
| 260 ## - PUBLICATION, DISTRIBUTION, ETC. (IMPRINT) | |
| Place of publication | Stanford, Calif. : |
| Name of publisher | Stanford Law Books, an imprint of Stanford University Press, |
| Year of publication | 2013. |
| 300 ## - PHYSICAL DESCRIPTION | |
| Number of Pages | x, 264 p. |
| 505 0# - FORMATTED CONTENTS NOTE | |
| Formatted contents note | The widespread extent of political ignorance -- Do voters know enough? -- The rationality of political ignorance -- The shortcomings of shortcuts -- Foot voting vs. ballot box voting -- Political ignorance and judicial review -- Can vote knowledge be increased?. |
| 650 #0 - SUBJECT ADDED ENTRY--TOPICAL TERM | |
| Topical Term | Democracy |
| Topical Term | Ignorance (Theory of knowledge) |
| Topical Term | Voting |
| 856 40 - ELECTRONIC LOCATION AND ACCESS | |
| Uniform Resource Identifier | http://site.ebrary.com/lib/rucke/Doc?id=10753165 |
No items available.
